00709 2200241 4500001002100000005001700021008004100038020002200079035002400101040001200125082001600137084002200153100004000175245008900215250001100304260003300315300002300348504003100371650001000402700002100412850001200433990002200445INLIS00000000002610520170309110941.0  a978-602-391-219-3 0010-031700000000215 aYOPDYOG 223a297.216 aDEP 297.216 Rac S aRACHMAT RAMADHANA AL-BANJARY, 1972- aStrategi melumpuhkan iblisc/ Rachmat Ramadhana Al-Banjary; editor, A. H. Zain Malik aCet. 1 aYogyakartabDiva Pressc2016 a351 hlm.c; 20 cm. aBibliografi : hlm. 349-351 aIblis aZain Malik, A.H. aYOPDYOG aCB-D.11/2016-1593